000 00803nab a2200241 u 4500
001 16495
003 HDC
007 cr bn ---aaaaa
008 210221c20100128xx dr|noo 0 a eng d
040 _aHDC
245 0 _aIntertek and IHIA join hands for collaboration on GHMS
260 _a[No place] :
_b[publisher not identified],
_c2010
336 _atext
_2rdacontent
337 _acomputer
_2rdamedia
338 _aonline resource
_2rdacarrier
650 _aHalal industry
_9144
650 _astandards and regulations
_916271
710 _aDagangHalal.com
856 _zRequest full-text at [email protected]
942 _2lcc
942 _cNEWS
942 _kNWSO 005709
999 _c13811
_d13811